History Quiz

Random History or Border Quiz

The Lines & Walls That Separate Us Quiz Stats

 Plays Quiz Updated Aug 9, 2016

Challenge
Share
Tweet
Embed
Score 0/18 Timer 07:00
5 Plays Today
% Correct
China - Various nomadic groups of the Eurasian Steppe
94.6%
Colonial Pennsylvania - Maryland
76.3%
Roman Empire - Picts
70.4%
France - Germany
67.8%
Portugal - Spain
55.4%
East Berlin - West Berlin
50.1%
Bavaria - Rest of Germany
46.5%
Germany - Poland
36.8%
Northern Ireland Catholic - Protestant Communities
29.5%
% Correct
USA - Canada
24.7%
Cyprus - Northern Cyprus
17.3%
North Korea - South Korea
16.4%
Republika Srpska - Federation of Bosnia and Herzegovina
16%
Indian Kashmir - Pakistani Kashmir
15.9%
Finland - USSR
14.5%
Israel - Lebanon
13.9%
Poland - Lithuania
13%
India - China
10.3%

You're not logged in!

Compare scores with friends on all Sporcle quizzes.
OR
Log In

You Might Also Like...

Show Comments

Extras

Top Quizzes Today


Score Distribution

Your Account Isn't Verified!

In order to create a playlist on Sporcle, you need to verify the email address you used during registration. Go to your Sporcle Settings to finish the process.

Report this User

Report this user for behavior that violates our Community Guidelines.

Details: